|
|
|
|
| LEADER |
00000nam a2200000 a 4500 |
| 001 |
vtls010518146 |
| 003 |
SK-MaSNL |
| 005 |
20260301133236.0 |
| 008 |
240314s2013 xo a b 000 0 hun |
| 015 |
|
|
|a SNBA2013/10
|
| 020 |
|
|
|a 9788010024421
|q (brož.)
|
| 035 |
|
|
|a C2A503C2-95E9-4F1E-BD1D-B01896C241A2
|
| 035 |
|
|
|a urn:nbn:sk:snk-amjypw
|
| 035 |
|
|
|a urn:nbn:sk:snk-am0080ak
|
| 040 |
|
|
|a SNK
|b slo
|c SNK
|e AACR2
|
| 041 |
0 |
|
|a hun
|
| 044 |
|
|
|a xo
|c SK
|
| 072 |
|
7 |
|a 373.2/.3
|x Predškolská a primárna výchova a vzdelávanie
|2 konspekt
|
| 072 |
|
7 |
|a 811.511.1
|x Ugrofínske jazyky
|2 konspekt
|
| 080 |
|
|
|a (075.2)
|2 2001
|
| 080 |
|
|
|a (076.1)
|2 2001
|
| 080 |
|
|
|a 811.511.141
|2 2001
|
| 080 |
|
|
|a 37.016:028-028.31
|2 2001
|
| 100 |
1 |
|
|a Drozdík, Katalin
|4 aut
|9 12925
|
| 245 |
1 |
0 |
|a Munkafüzet az olvasókönyvhöz a magyar tanítási nyelvű alapiskola 2. osztálya számára
|n 1. rész
|c Drozdík Katalin, Kremmer Julianna ; [illustrations Horváth Š. Klára]
|
| 246 |
1 |
1 |
|a Pracovný zošit k čítanke pre 2. ročník základnej školy s vyučovacím jazykom maďarským
|
| 250 |
|
|
|a 3. kiad.
|
| 260 |
|
|
|a Bratislava
|b Slovenské pedagogické nakladateľstvo - Mladé letá
|c 2013
|
| 300 |
|
|
|a 48 s.
|b ilustr.
|c 30 cm
|
| 650 |
0 |
7 |
|a maďarčina
|2 SNKPH
|9 1492
|
| 650 |
0 |
7 |
|a Hungarian language
|2 SNKPHeng
|9 266361
|
| 650 |
0 |
7 |
|a Reading
|2 SNKPHeng
|9 276976
|
| 650 |
0 |
7 |
|a čítanie
|2 SNKPH
|9 1654
|
| 655 |
|
7 |
|a učebnice základných škôl
|2 SNKPH
|9 70187
|
| 655 |
|
7 |
|a pracovné zošity
|2 SNKPH
|9 70188
|
| 655 |
|
7 |
|a Textbooks (elementary)
|2 SNKPHeng
|9 276977
|
| 655 |
|
7 |
|a Activity books
|2 SNKPHeng
|9 302885
|
| 700 |
1 |
|
|a Kremmer, Júlia
|4 aut
|9 45022
|
| 700 |
1 |
|
|a Šmídová, Klára,
|d 1956-
|4 ill
|9 133350
|
| 852 |
|
|
|a Štátna vedecká knižnica v Banskej Bystrici
|
| 919 |
|
|
|a 978-80-10-02442-1
|
| 958 |
|
|
|a HU
|
| 958 |
|
|
|a NM
|
| 999 |
|
|
|c 753213
|d 755143
|
| 952 |
|
|
|a SNK
|b SNK
|y PREZ
|7 0
|p 17A1083244
|o snkSB 85635/1
|i snk2013/23017
|8 0
|0 0
|1 0
|4 0
|d 2013-09-27
|f 1
|l 0
|r 2025-05-07 00:00:00
|w 2026-02-23
|
| 952 |
|
|
|a SNK
|b SNK
|y VYP
|7 0
|p 17A1083245
|o snkSB 85635/1 D1
|i snk2013/23018
|8 0
|0 0
|1 0
|4 0
|d 2013-09-27
|l 0
|r 2016-06-30 00:00:00
|w 2026-02-23
|